Možnosti optimalizácie základu dane z príjmov právnických osôb

Analýza zdaňovania príjmov konkrétnej právnickej osoby v kontexte platnej legislatívy SR a formulácia návrhov možných riešení pre vybraný subjekt. Charakteristika a význam daní. Kritériá členenia daní. Členenie daní podľa daňového subjektu. Daňová sústava a štruktúra daní v Slovenskej republike. Zda...

Ausführliche Beschreibung

Gespeichert in:
Bibliographische Detailangaben
1. Verfasser: Forišová, Kristína Sarah
Weitere Verfasser: Hurný, František
Format: Buchkapitel
Sprache:Slowakisch
Schlagworte:
Tags: Tag hinzufügen
Keine Tags, Fügen Sie das erste Tag hinzu!

MARC

LEADER 00000nla a2200000 4500
001 0240524
005 20240502073917.9
041 0 |a slo 
044 |a SK 
245 1 0 |a Možnosti optimalizácie základu dane z príjmov právnických osôb  |c Kristína Sarah Forišová, František Hurný 
520 |a Analýza zdaňovania príjmov konkrétnej právnickej osoby v kontexte platnej legislatívy SR a formulácia návrhov možných riešení pre vybraný subjekt. Charakteristika a význam daní. Kritériá členenia daní. Členenie daní podľa daňového subjektu. Daňová sústava a štruktúra daní v Slovenskej republike. Zdaňovanie príjmov právnických osôb. Vývoj sadzby dane z príjmov právnickej osoby v rokoch 2010 až 2017. 10 zmien v dani z príjmov od roku 2017. Transformácia výsledku hospodárenia na základ dane. 
610 2 0 |a sústava daňová 
610 2 0 |a dane 
610 2 0 |a dane z príjmov 
610 2 0 |a optimalizácia daňová 
610 2 0 |a daňovníci 
610 2 0 |a osoby právnické 
610 2 0 |a základ dane 
610 2 0 |a sadzby daňové 
610 2 0 |a výsledok hospodársky 
610 2 0 |a legislatíva 
610 2 0 |a Slovensko 
100 1 |a Forišová, Kristína Sarah 
700 1 |a Hurný, František